000 01087nam a22002177a 4500
999 _c10078
_d10078
003 AR-CdUCM
008 190329b ||||| |||| 00| 0 spa d
040 _aMUNICIPALIDAD PROVINCIAL DEL CUSCO
_cBIBLIOTECA MUNICIPAL DEL CUSCO
082 _a325.260985 /
_bF84
100 _aFrisancho Pineda, Ignacio
_913339
245 _aNegros en el altiplano puneño /
260 _aPuno :
_bSamuel Frisancho Pineda,
_c1983.
300 _a64 páginas ;
_c22.5 cm.
500 _aDonación de la familia Nieto. Publicación artesanal.
505 _aContenido: Negros esclavos en América -- Negros esclavos en el Perú -- Los negros en el Altiplano del Collao -- Negros en el altiplano puneño -- La magnitud del comercio de negros en el Altiplano puneño -- Indios y negros: se estatus social -- Los negros en los movimientos libertarios altiplánicos -- Su tardía libertad -- La herencia negroide en el altiplano ...
650 _aNegros - Perú
_99618
650 _aNegros - Puno
_926729
650 _aAltiplano puneño - Historia - Negros
_926730
942 _2ddc
_cLIBROS
945 _alccs